ბათუმის შოთა რუსთაველის სახელმწიფო უნივერსიტეტის ბიბლიოთეკა

დიდი ტრანსფორმაცია : (ბიბ.ჩანაწერი № 58614)

000 -ლიდერი
ფიქსირებული სიგრძის საკონტროლო ველი 01467nam a22002417a 4500
003 - საკონტროლო ნომრის იდენტიფიკატორი
საკონტროლო ველი Ge_BSU
005 - ბოლო ოპერაციის თარიღი და დრო
საკონტროლო ველი 20220615111317.0
008 - ფიქსირებული სიგრძის მონაცემთა ელემენტები - ზოგადი ინფორმაცია
ფიქსირებული სიგრძის საკონტროლო ველი 220615s2001 ge ||||| |||| 00| 0 geo d
020 ## - წიგნის საერთაშორისო სტანდარტული ნომერი
International Standard Book Number 9789941836848
041 ## - ენის კოდი
Language code of text/sound track or separate title geo
080 ## - უნივერსალური ათობითი კლასიფიკაციის ინდექსი
Universal Decimal Classification number 330(060.55) პ-54
100 ## - მთავარი ჩანაწერი - პიროვნების სახელი
Personal name პოლანი, კარლ
9 (RLIN) 14088
245 ## - ცნობა სათაურის შესახებ
Title დიდი ტრანსფორმაცია :
Remainder of title ჩვენი დროის პოლიტიკური და ეკონომიკური საწყისები /
Statement of responsibility, etc კარლ პოლანი; მთარგმნ. ნინო ხელაია, ლაშა ქავთარაძე და სხვ.; რედაქტორი ნინო ხელაია;
264 ## - წარმოების, გამოცემის, დისტრიბუციის და სხვა ცნობები
გამოცემის, წარმოების, დისტრიბუციის... ადგილი თბილისი:
გამოცემის, წარმოების, დისტრიბუციის... თარიღი პლატფორმა,
გამოცემის, წარმოების, დისტრიბუციის... სახელწოდება 2001.
300 ## - ფიზიკური აღწერა
Extent 516 გვ.
Other physical details 21 სმ.
500 ## - ზოგადი შენიშვნა
General note პუბლიკაცია დაიბეჭდა ფრიდრიხ ებერტის ფონდის ინიციატივით
653 ## - INDEX TERM--UNCONTROLLED
Uncontrolled term ეკონომიკური საწყისები
653 ## - INDEX TERM--UNCONTROLLED
Uncontrolled term პოლიტიკური საწყისები
700 ## - ADDED ENTRY--PERSONAL NAME
Personal name ხელაია, ნინო
Relator term მთარგმნელი
9 (RLIN) 14089
700 ## - ADDED ENTRY--PERSONAL NAME
Personal name ქავთარაძე, ლაშა და სხვ.
Relator term მთარგმნელი
9 (RLIN) 14090
700 ## - ADDED ENTRY--PERSONAL NAME
Personal name ხელაია, ნინო
Relator term რედაქტორი
9 (RLIN) 14089
942 ## - ADDED ENTRY ELEMENTS (KOHA)
Source of classification or shelving scheme
Koha item type წიგნი
ეგზემპლარები
ჩამოწერის სტატუსი დაკარგული ეგზემპლარის სტატუსი კლასიფიკაციის წყარო ან თაროზე გაწყობის სქემა დაზიანების სტატუსი არ გაიცემა მუდმივი მდებარეობა (დაცვის ადგილი) ამჟამინდელი ადგილსამყოფელი თაროზე განთავსების ადგილი შეძენის თარიღი ღირებულება, შესყიდვის ნორმალური ფასი სრული შენახვის შიფრი შტრიხკოდი ბოლო ოპერაციის თარიღი ეგზემპლარის მიმდევრობითი ნომერი (კეტერი?) ფასის ძალაში შესვლის თარიღი ეგზემპლარის სახეობა საჯარო შენიშვნა
          ბათუმის შოთა რუსთაველის სახელმწიფო უნივერსიტეტის მთავარი ბიბლიოთეკა ბათუმის შოთა რუსთაველის სახელმწიფო უნივერსიტეტის მთავარი ბიბლიოთეკა წიგნსაცავი 2022-06-15 8.00 330(060.55) პ-54 62661 2022-06-15 62661 2022-06-15 წიგნი 8 ლ.